000 00839cam a2200265 a 4500
001 000019687
005 20200929170113.0
008 801113s1968 sp 001 e spa d
040 _aDO-SdBNP
_bspa
_cLC
_dBNPHU
082 _a864.6
_bA996u, 1968
100 1 _aAzorín,
_d1873-1967.
_95278
245 1 3 _aUn pueblecito :
_bRiofrío de Ávila /
_cAzorín.
250 _a3a ed.
260 _aMadrid :
_bEspasa-Calpe,
_c1968.
300 _a152, [16] p. ;
_c18 cm.
490 1 _aAustral. Verde: ensayos y filosofía
_v611
500 _aIncluye índice de autores
650 4 _aEnsayos españoles
_93095
650 4 _aLiteratura española
_9632
651 4 _aEspaña
_xDescripciones Y Viajes
_93096
830 0 _aAustral.
_pVerde: ensayos y filosofía;
_v611
_98733
910 _aCatalogación derivada / LC
910 _aWM
049 _aBNGR
999 _c19202
_d19202